Information, Motivation und Entscheidung : Studien Zum Vergleich Von Wirtschaftssystemen.

Bibliographic Details
Main Author: Watrin, Christian.
Format: eBook
Language:German
Published: Berlin : Duncker & Humblot, 1972.
Edition:1st ed.
Series:Schriften des Vereins Für Socialpolitik Series
Subjects:
Online Access:Click to View
LEADER 05331nam a22003973i 4500
001 EBC7100904
003 MiAaPQ
005 20240729202203.0
006 m o d |
007 cr cnu||||||||
008 240729s1972 xx o ||||0 ger d
020 |a 9783428428724  |q (electronic bk.) 
020 |z 9783428028726 
035 |a (MiAaPQ)EBC7100904 
035 |a (Au-PeEL)EBL7100904 
035 |a (OCoLC)1347024860 
040 |a MiAaPQ  |b eng  |e rda  |e pn  |c MiAaPQ  |d MiAaPQ 
100 1 |a Watrin, Christian. 
245 1 0 |a Information, Motivation und Entscheidung :  |b Studien Zum Vergleich Von Wirtschaftssystemen. 
250 |a 1st ed. 
264 1 |a Berlin :  |b Duncker & Humblot,  |c 1972. 
264 4 |c ©1973. 
300 |a 1 online resource (215 pages) 
336 |a text  |b txt  |2 rdacontent 
337 |a computer  |b c  |2 rdamedia 
338 |a online resource  |b cr  |2 rdacarrier 
490 1 |a Schriften des Vereins Für Socialpolitik Series 
505 0 |a Intro -- Vorwort -- Inhaltsverzeichnis -- I. Die Informationsleistungen alternativer Wirtschaftslenkungsmechanismen -- Hannsjörg Buck, Bonn: Informationsleistungen der Preise in der Zentralplanwirtschaft sowjetischen Typs unter Bezug auf die Verhältnisse in Marktwirtschaften -- I. Einführung in die Gegebenheiten der Preisbildung in sowjet-sozialistischen Wirtschaftssystemen -- Aufhebung der Preisinterdependenz -- Punktuelle Ansätze zur Wiederherstellung eines Preiszusammenhangs zwischen einzelnen Preisbildungsbereichen -- II. Abgrenzung des Untersuchungsbereiches -- III. Das Problem der Festlegung von Preisen mit ökonomisch optimalem Informationsgehalt -- IV. Die Bedeutung der Preise als Hilfsmittel der Wirtschaftslenkung und Wirtschaftsrechnung -- V. Ökonomisch und ideologisch begründete Preise -- VI. Maßnahmen zur Erhöhung des ökonomischen Informationsgehalts der Industriepreise -- A. Auftakt der Preisreformen -- 1. Industriepreisreform -- 2. Übergang zu „fondsbezogenen Industriepreisen" und ihre Auswirkungen auf die Rentabilität der Betriebe -- 3. Festlegung ökonomisch begründeter Preisrelationen -- a) Relationspreise für Produkte mit vergleichbarem Nutzwert -- b) Zweckpreise für punktuelle Preiswirkungen -- B. Fortlaufende Revision der Preisrelationen -- 1. Dynamisierung der ansonsten festen Planpreise durch Preissenkungsmechanismen -- 2. Dezentralisierung der Preisfestsetzungsbefugnis, Planung der Preisentwicklung und Erleichterung von Preisänderungen -- a) Arbeitsteilung und Dezentralisierung als Möglichkeiten zur Bewältigung eines gigantischen Planungsaufwandes -- b) Erleichterung von Preisänderungen -- VII. Beurteilung der Informationsleistungen der Industriepreise in der Zentralplanwirtschaft sowjetischen Typs -- Werner Meißner, Frankfurt: Der Einsatz neuer informationsdezentralisierter Verfahren in Zentralverwaltungswirtschaften. 
505 8 |a 1. Entscheidungs- und Informationsdezentralisierung -- 2. Einführung mathematischer Planungsverfahren und Informationsdezentralisierung -- 3. Planung mit Preisen (planning by pricing) -- 4. Preisbildungsverfahren -- 5. Charakterisierung der Reformansätze nach den Kriterien der Entscheidungs- und Informationsdezentralisierung -- Johannes F. Tismer, Berlin: Wirtschaftspolitische Entscheidungsfindung unter marktwirtschaftlichen und planwirtschaftlichen Bedingungen -- I. -- II. -- III. -- IV. -- II. Entscheidungssysteme und Motivationsbeeinflussung in verschiedenen Wirtschaftssystemen -- Erich Klinkmüller, Berlin: Ein Modell der gesamtwirtschaftlichen Arbeitsvereinigung -- Abkürzungen -- Wirtschaftssysteme und Arbeitsvereinigung -- Wirtschaftssubjekte (WS) -- Weltwirtschaft (WW) -- Koordinationsinstrumente (KOI) -- Folgerungen -- W. W. Engelhardt, Köln: Motivationsaktivierung und -steuerung bei Managern unter dem Einfluß alternativer Eigentumsformen in marktwirtschaftlichen und marktsozialistischen Ordnungen -- I. Einleitung: Zum begrifflichen Rahmen und zur Problemstellung -- 1. Motivationsaktivierung und -steuerung bei Managern -- 2. Eigentumsformen als Incentives -- 3. Marktwirtschaftliche und marktsozialistische Ordnungen -- II. Das Problem in marktwirtschaftlichen Ordnungen -- 1. Entwicklung der Lehrauffassungen -- 2. Zur kausalen Relevanz des Privateigentums als Incentive -- 3. Arten wirksamer Incentives bei Managern -- III. Das Problem in marktsozialistischen Ordnungen -- 1. Entwicklung der Lehrauffassungen -- 2. Zur kausalen Relevanz des Kollektiveigentums als Incentive -- 3. Arten wirksamer Incentives bei Managern, Arbeitern und Genossenschaftsbauern in marktsozialistischen Ordnungen -- IV. Schlußbemerkung: Incentivevielfalt und volkswirtschaftlicher Prozeß. 
588 |a Description based on publisher supplied metadata and other sources. 
590 |a Electronic reproduction. Ann Arbor, Michigan : ProQuest Ebook Central, 2024. Available via World Wide Web. Access may be limited to ProQuest Ebook Central affiliated libraries.  
655 4 |a Electronic books. 
776 0 8 |i Print version:  |a Watrin, Christian  |t Information, Motivation und Entscheidung  |d Berlin : Duncker & Humblot,c1972  |z 9783428028726 
797 2 |a ProQuest (Firm) 
830 0 |a Schriften des Vereins Für Socialpolitik Series 
856 4 0 |u https://ebookcentral.proquest.com/lib/matrademy/detail.action?docID=7100904  |z Click to View